00589nam a2200193Ia 4500008004100000100001800041245002700059245001700086260001300103260003400116260000900150300002000159300001400179300001400193650004700207650003500254999001900289952008700308160319s9999 xx 000 0 und d aSalonga, Lea  aLea Salonga inspired / cLea Salonga. aManila : bSony BMG Music Entertainment. c2007 a1 sound disc :  bdigital ; c4 3/4 in. aPopular music -- Philippines -- 2001-2010. aSongs, English -- Philippines. c292752d292752 001040aSSISBbSSISBd2016-03-19l0pAV-355r2016-03-19 00:00:00w2016-03-19yAVM